Biggest Cities in South Asia (excluding India) Map Quiz - Statistics

General Stats
  • This quiz has been taken 271 times
  • The average score is 11 of 15
Answers on the Map
Answers color-coded by a green-red scale on the quiz's map according to % correct below.
 
Answer Stats
Pop Cities % Correct
3.3 mil Islamabad
99%
18.8 mil Dhaka
98%
4.0 mil Kabul
98%
16.9 mil Karachi
98%
3.0 mil Kathmandu
95%
12.2 mil Lahore
94%
4.8 mil Colombo
92%
4.7 mil Chittagong
83%
2.2 mil Hyderabad
66%
3.5 mil Faisalabad
63%
2.2 mil Peshawar
59%
1,0 mil Quetta
59%
2.0 mil Multan
49%
2.6 mil Gujranwala
33%
1.1 mil Khulna
30%
No matching quizzes found
Score Distribution
Percent of People with Each Score
Percentile by Number Answered
Your Score History
You have not taken this quiz